000 02814cam a22004934i 4500
003 PE-LiUPU
005 20250731184555.0
008 150625s r 000 0 d
020 _a8466615385
035 _a(Sirsi) i9788466615389
040 _aPE-LiUPU
_bspa
_cPE-LiUPU
_erda
049 _aPRUA
082 0 4 _a953
_bH78
_221
100 1 _aHourani, Albert,
_eautor.
245 1 3 _aLa historia de los árabes /
_cAlbert Hourani.
264 1 _aBuenos Aires :
_bVergara,
_c2003.
300 _a671 páginas :
_bilustraciones, mapas ;
_c24 centímetros
336 _atext
_2rdacontent
337 _aunmediated
_2rdamedia
338 _avolume
_2rdacarrier
500 _aEn cubierta: "Por fin, una historia de los árabes realmente accesible y sin prejuicios.".
504 _aIncluye bibliografía.
505 0 _aLa formación de un mundo (siglo VII a X). -Un poder nuevo en un mundo antiguo. -La formación de un imperio. -La formación de una sociedad. -La estructuración del islam. -Las sociedades muslumanas árabe. -Las zonas rurales. -La vida de las ciudades. -Las ciudades y sus gobernantes. -Las costumbres de islam. -La cultura de los ulemas. -Formas de persamientos divergentes. -La cultura de las cortes y el pueblo. -La época otomana (siglo XVI a XVIII). -El imperio otomano. -Las sociedades otomanas. -El inestable iquilibrio del poder en el siglo XVIII). -La época de los Imperios europeos- (1800-1939). -El poder europeo y los gobiernos reformistas (1860-1914). -La cultura del imperialismo y la reforma. -La culminación del poder europeo (1914-1939). -Cambios de los modos de vida y de pensamiento (1914-1939). -La época de los Estados Unidos (a partir de 1939). -El fin de los imperios (1939-1962). -Sociedades en proceso de cambios (décadas de (1940 y1950). -La cultura nacional (década de 1940 y1950). -La culminación del arabismo (décadas de 1950 y 1960). -La unidad y la desunión árabe (desde 1967). -La perturbación de los espíritus (desde 1967).
526 _aP136
526 _aP135
526 _aP134
526 _aP133
526 _aP144
526 _aP143
526 _aP87
526 _aP35
526 _aP20
526 _aP14
526 _aP10
526 _aP06
541 _g003-00032;
650 0 4 _aArabes
_xHistoria.
651 _aArabia
_xHistoria.
942 _2ddc
_cBOOK
949 _a953 H78
_wDEWEY
_c1
_i56952
_lCCODEBUL1
_mBUL
_p21.00
_r0
_sY
_tBOOK
_u2015-6-25
_xTEOLOGIA
_PP35
_0COMPRA
_o.STAFF. Colección General
994 _aC0
_bPEPRU
596 _a1
999 _a953 H78
_wDEWEY
_c46092
_i56952
_d46092
_e2018-3-12
_f2021-11-12
_g5
_lCCODEBUL1
_mBUL
_n1
_p21.00
_r0
_sY
_tBOOK
_u2015-6-25
_xTEOLOGIA
_PP35
_0COMPRA
_o.STAFF. Colección General
980 _81
_gALBERTO SANCHEZ Responsable de Automatización